000 00385nam a2200145 i 4500
001 bg
100 1 _aALEKSENKO, A. G.
245 0 _aOsnovy mikroschemotechniki :
_belementy morfologii mikroelektronnoj apparatury /
_cA.G. Aleksenko.
260 _aMoskva,
_c1971.
040 _cBPK
041 _apol
080 _a621.382.8
942 _cKS
008 s pl f |000 0 pol
999 _c14910
_d14910
856 _uhttp://koha.tu.koszalin.pl/cgi-bin/koha/opac-detail.pl?biblionumber=14910
_yKatalog online BPK